Khilafat to partition: a survey of major political trends among Indian Muslims during 1919- 1947 (Record no. 417793)

000 -LEADER
fixed length control field 00376cam a22001097a 4500
008 - FIXED-LENGTH DATA ELEMENTS--GENERAL INFORMATION
fixed length control field 180718b1970 xxu||||| |||| 00| 0 eng d
082 ## - DEWEY DECIMAL CLASSIFICATION NUMBER
Classification number B1243x54 Sh15
100 ## - MAIN ENTRY--PERSONAL NAME
Personal name Shakir, Moin
245 ## - TITLE STATEMENT
Title Khilafat to partition: a survey of major political trends among Indian Muslims during 1919- 1947
Statement of responsibility, etc. by Moin Shakir
260 ## - PUBLICATION, DISTRIBUTION, ETC.
Place of publication, distribution, etc. New Delhi
Name of publisher, distributor, etc. Kalamkar Prakashan
Date of publication, distribution, etc. 1970
300 ## - PHYSICAL DESCRIPTION
Extent xxiv, 300p
Holdings
Withdrawn status Lost status Damaged status Not for loan Permanent Location Current Location Date acquired Full call number Barcode Date last seen Price effective from Koha item type
        Indian Institute of Public Administration Indian Institute of Public Administration 2009-03-30 B1243x54 Sh15 45003 2018-07-21 2018-07-21 Book

Powered by Koha